| 000 | 00349nam a2200145 i 4500 | ||
|---|---|---|---|
| 001 | bg | ||
| 245 | 0 |
_aAdvances in drying / _ced.by Arun S. Mujumdar. Vol.1. |
|
| 260 |
_aWashington, _c1980. |
||
| 700 | 1 |
_aMujumdar, Arun S. _eRed. |
|
| 040 | _cBPK | ||
| 041 | _apol | ||
| 080 | _a66.047 | ||
| 942 | _cKS | ||
| 008 | s pl f |000 0 pol | ||
| 999 |
_c23427 _d23427 |
||
| 856 |
_uhttp://koha.tu.koszalin.pl/cgi-bin/koha/opac-detail.pl?biblionumber=23427 _yKatalog online BPK |
||